Engineering descriptive geometry : (Record no. 1782)

MARC details
000 -LEADER
fixed length control field 01271nac a22003011i 4500
003 - CONTROL NUMBER IDENTIFIER
control field EG-ScBUE
005 - DATE AND TIME OF LATEST TRANSACTION
control field 20250528101402.0
008 - FIXED-LENGTH DATA ELEMENTS--GENERAL INFORMATION
fixed length control field 250312s1953 njua f 001 0 eng d
035 ## - SYSTEM CONTROL NUMBER
System control number (OCoLC)1889384
040 ## - CATALOGING SOURCE
Original cataloging agency EG-ScBUE
Language of cataloging eng
Description conventions rda
Transcribing agency EG-ScBUE
Modifying agency EG-ScBUE
082 04 - DEWEY DECIMAL CLASSIFICATION NUMBER
Classification number 515
Item number ROW
Edition number 22
100 1# - MAIN ENTRY--PERSONAL NAME
Personal name Rowe, Charles Elmer,
Relator term author.
245 10 - TITLE STATEMENT
Title Engineering descriptive geometry :
Remainder of title the direct method for students, draftsmen, architects, and engineers /
Statement of responsibility, etc by Charles Elmer Rowe, B.S. (C.E.), E.M., professor of drawing, The University of Texas and James Dorr McFarland, M.S. in E.E., professor of drawing, The University of Texas, registered professional engineer.
250 ## - EDITION STATEMENT
Edition statement Second edition.
250 ## - EDITION STATEMENT
Edition statement Fifth printing.
264 #1 - PUBLICATION, DISTRIBUTION, ETC. (IMPRINT)
Place of publication, distribution, etc Princeton, New Jersey :
Name of publisher, distributor, etc D. Van Nostrand Company, Inc.,
Date of publication, distribution, etc 1953.
300 ## - PHYSICAL DESCRIPTION
Extent vii, 352 pages :
Other physical details illustrations ;
Dimensions 24 cm
336 ## - CONTENT TYPE
Source rdacontent
Content type term text
Content type code txt
337 ## - MEDIA TYPE
Media type term unmediated
Source rdamedia
Media type code n
338 ## - CARRIER TYPE
Carrier type term volume
Carrier type code nc
Source rdacarrier
500 ## - GENERAL NOTE
General note Includes index.<br/>
521 ## - TARGET AUDIENCE NOTE
Target audience note For students, draftsmen, architects, and engineers.
650 #7 - SUBJECT ADDED ENTRY--TOPICAL TERM
Topical term or geographic name as entry element Geometry, Descriptive.
Source of heading or term BUEsh
655 ## - INDEX TERM--GENRE/FORM
Form subdivision Reading book
700 1# - ADDED ENTRY--PERSONAL NAME
Personal name McFarland, James Dorr,
Dates associated with a name 1903-
Relator term author.
942 ## - ADDED ENTRY ELEMENTS (KOHA)
Koha item type Book - Borrowing
Source of classification or shelving scheme Dewey Decimal Classification
Holdings
Withdrawn status Lost status Damaged status Not for loan Home library Current library Shelving location Date acquired Source of acquisition Total Checkouts Full call number Barcode Date last seen Date checked out Price effective from Koha item type
        Central Library Central Library First floor 06/12/2014 Purchase 1 515 ROW 000002535 15/07/2025 20/02/2020 14/12/2006 Book - Borrowing